[Event "Moravia-Silesia Region-chT 2223"]
[Site "Czech Republic"]
[Date "2023.02.26"]
[Round "9"]
[White "Stusek, Petr"]
[Black "Stefanec, Josef"]
[Result "1/2-1/2"]
[WhiteElo "1443"]
[BlackElo "1387"]
[PlyCount "77"]
[EventDate "2022.10.09"]
[EventType "team-tourn"]
[EventRounds "11"]
[EventCountry "CZE"]
[SourceTitle "EXT 2024"]
[Source "ChessBase"]
[SourceDate "2023.10.10"]
[SourceVersion "1"]
[SourceVersionDate "2023.10.10"]
[SourceQuality "1"]
[WhiteTeam "Koprivnice Tatra II"]
[BlackTeam "Petrovice Inter"]
[WhiteTeamCountry "CZE"]
[BlackTeamCountry "CZE"]

1. e4 c5 2. Nf3 e6 3. Nc3 a6 4. d4 cxd4 5. Nxd4 Nc6 6. Bc4 h6 7. 0-0 Nf6 8. Nxc6 bxc6 9. e5 Nd5 10. Nxd5 cxd5 11. Bb3 a5 12. Ba4 Ba6 13. Re1 Qc7 14. Bd2 Bc5 15. Qg4 g5 16. c3 Qb6 17. Be3 Bxe3 18. Rxe3 Qxb2 19. Ree1 Qxc3 20. Rac1 Qa3 21. Rc7 Bc8 22. Rec1 Ke7 23. h4 Rg8 24. Bxd7 Bxd7 25. Qh5 Qb4 26. Rxd7+ Kxd7 27. Qxf7+ Qe7 28. Rc7+ Kxc7 29. Qxe7+ Kc6 30. Qxe6+ Kc5 31. Qxh6 gxh4 32. Qxh4 Rab8 33. f4 d4 34. Qf2 Kc4 35. Qc2+ Kd5 36. e6 Rbc8 37. Qf5+ Kc4 38. Qc2+ Kd5 39. Qf5+ 1/2-1/2

[Event "Moravia-Silesia Region-chT 2223"]
[Site "Czech Republic"]
[Date "2022.12.11"]
[Round "5"]
[White "Stefanec, Josef"]
[Black "Melecky, Jaroslav"]
[Result "0-1"]
[WhiteElo "1393"]
[BlackElo "1873"]
[PlyCount "110"]
[EventDate "2022.10.09"]
[EventType "team-tourn"]
[EventRounds "11"]
[EventCountry "CZE"]
[SourceTitle "EXT 2024"]
[Source "ChessBase"]
[SourceDate "2023.10.10"]
[SourceVersion "1"]
[SourceVersionDate "2023.10.10"]
[SourceQuality "1"]
[WhiteTeam "Petrovice Inter"]
[BlackTeam "Dolni Benesov II"]
[WhiteTeamCountry "CZE"]
[BlackTeamCountry "CZE"]

1. e4 d5 2. exd5 Nf6 3. c4 c6 4. dxc6 Nxc6 5. Nf3 e5 6. d3 Bf5 7. Nc3 Qd7 8. Be2 0-0-0 9. 0-0 Bc5 10. Be3 Bd4 11. Nxd4 Nxd4 12. Bxd4 Qxd4 13. Nb5 Qb6 14. Rc1 a6 15. Nc3 Kb8 16. Qc2 Rd4 17. Rfd1 Rhd8 18. Na4 Qd6 19. c5 Qc6 20. b3 e4 21. dxe4 Bxe4 22. Qb2 Rxd1+ 23. Rxd1 Rxd1+ 24. Bxd1 Qd5 25. Nc3 Qd4 26. Qc1 Qxc5 27. Qf4+ Ka7 28. Nxe4 Qd4 29. Qe3 Qxe3 30. fxe3 Nxe4 31. Bf3 Nd6 32. Kf2 Kb6 33. e4 Kc5 34. Ke3 f6 35. h4 b5 36. Kd3 Nf7 37. a3 Ne5+ 38. Kc3 Nxf3 39. gxf3 g5 40. h5 Kd6 41. Kd4 h6 42. a4 bxa4 43. bxa4 a5 44. Kc4 Ke5 45. Kb5 Kf4 46. Kxa5 Kxf3 47. Kb5 g4 48. a5 g3 49. a6 g2 50. a7 g1Q 51. a8Q Qb1+ 52. Kc5 Qxe4 53. Qa3+ Kg4 54. Qc1 Qe5+ 55. Kb4 Qf4+ 0-1